IFM Opac

THE ACQUSITION OF PRIVATE COMPANIES (Record no. 17117)

MARC details
000 -LEADER
fixed length control field 00394nam a22001577a 4500
020 ## - INTERNATIONAL STANDARD BOOK NUMBER
International Standard Book Number 851202608
082 ## - DEWEY DECIMAL CLASSIFICATION NUMBER
Classification number 346.0668ktn
100 ## - MAIN ENTRY--PERSONAL NAME
Personal name KNIGHT W.J.L
245 ## - TITLE STATEMENT
Title THE ACQUSITION OF PRIVATE COMPANIES
260 ## - PUBLICATION, DISTRIBUTION, ETC.
Place of publication, distribution, etc. LONDON
Name of publisher, distributor, etc. OYEZ PUBLISHING
Date of publication, distribution, etc. 1975
300 ## - PHYSICAL DESCRIPTION
Extent xvi,153p
Other physical details ill;23cm
500 ## - GENERAL NOTE
General note include,index
650 ## - SUBJECT ADDED ENTRY--TOPICAL TERM
Topical term or geographic name entry element the acquesition of private companies
700 ## - ADDED ENTRY--PERSONAL NAME
Personal name kerr
942 ## - ADDED ENTRY ELEMENTS (KOHA)
Koha item type Books
Holdings
Withdrawn status Lost status Source of classification or shelving scheme Damaged status Not for loan Home library Current library Shelving location Date acquired Full call number Barcode Date last seen Price effective from Koha item type
    Dewey Decimal Classification     IFM Main Campus Library IFM Main Campus Library   07/28/2017 346.0668ktn 0000008419 07/28/2017 07/28/2017 Books